[Event "GER-chT Christmas U16 Lasker"]
[Site "Playchess.com INT"]
[Date "2020.12.28"]
[Round "2.3"]
[White "Rath, Mark"]
[Black "Kalina, Lena"]
[Result "0-1"]
[WhiteElo "1184"]
[BlackElo "1585"]
[PlyCount "38"]
[EventDate "2020.12.28"]
[EventType "team-swiss (blitz)"]
[EventRounds "7"]
[EventCountry "GER"]
[SourceTitle "CBM 200 Extra"]
[Source "ChessBase"]
[SourceDate "2021.03.31"]
[SourceVersion "1"]
[SourceVersionDate "2021.03.31"]
[SourceQuality "1"]
[WhiteTeam "Koeln Porz II"]
[BlackTeam "Landskrone"]
[WhiteTeamCountry "GER"]
[BlackTeamCountry "GER"]

1. d4 Nf6 2. c4 g6 3. Bf4 Bg7 4. Nc3 0-0 5. e3 d6 6. Nf3 Nbd7 7. Bd3 Re8 8. 0-0 e5 9. Bg5 h6 10. Bxf6 Nxf6 11. d5 e4 12. Bc2 exf3 13. Qxf3 Bg4 14. Qg3 Qd7 15. h3 Bf5 16. Bxf5 Qxf5 17. Rfe1 Ne4 18. Nxe4 Qxe4 19. b3 Bxa1 0-1